Spain's cinema review 2010
Situácia vo filmovom priemysle Španielska v roku 2010.
Salvato in:
| Autore principale: | |
|---|---|
| Natura: | Capitolo di libro |
| Lingua: | inglese |
| Soggetti: | |
| Tags: |
Nessun Tag, puoi essere il primo ad aggiungerne!!
|
MARC
| LEADER | 00000nla$a2200000$$$4500 | ||
|---|---|---|---|
| 001 | 0130131 | ||
| 005 | 20250707085700.1 | ||
| 041 | 0 | |a eng | |
| 044 | |a US | ||
| 245 | 1 | 0 | |a Spain's cinema review 2010 |c Juraj Mišún |
| 520 | |a Situácia vo filmovom priemysle Španielska v roku 2010. | ||
| 610 | 2 | 0 | |a film |
| 610 | 2 | 0 | |a priemysel umelecký |
| 610 | 2 | 0 | |a Španielsko |
| 100 | 1 | |a Mišún, Juraj, 1978- | |